Biblioteca y Centro de Documentación

Two-way migration between similar countries (Registro nro. 49194)

Detalles MARC
000 -CABECERA
Longitud fija campo de control 01208naa a2200313 c 4500
001 - NÚMERO DE CONTROL
Número de control 49194
003 - IDENTIFICADOR DE NÚMERO DE CONTROL
Identificador del número de control ES-MaCES
005 - FECHA Y HORA DE LA ÚLTIMA TRANSACCIÓN
Fecha y hora de la última transacción 20170412121814.0
008 - CAMPO FIJO DE DESCRIPCIÓN FIJA--INFORMACIÓN GENERAL
Códigos de información de longitud fija   170412s2017 uk ||||| t||||||| ||eng d
040 ## - FUENTE DE CATALOGACIÓN
Centro catalogador de origen ES-MaCES
Lengua de catalogación spa
Centro transcriptor ES-MaCES
Centro modificado ES-MaCES
100 1# - ENCABEZAMIENTO PRINCIPAL--NOMBRE PERSONAL
9 (RLIN) 38031
Nombre de persona Kreickemeier, Udo
245 10 - MENCIÓN DE TÍTULO
Título Two-way migration between similar countries
Mención de responsabilidad, etc. Udo Kreickemeier, Jens Wrona
504 ## - NOTA DE BIBLIOGRAFÍA, ETC.
Nota de bibliografía, etc. Bibliografía: p. 205-206
650 #4 - ASIENTO SECUNDARIO DE MATERIA--TÉRMINO DE MATERIA
9 (RLIN) 29805
Término de materia o nombre geográfico como elemento inicial migración internacional
650 #4 - ASIENTO SECUNDARIO DE MATERIA--TÉRMINO DE MATERIA
9 (RLIN) 28354
Término de materia o nombre geográfico como elemento inicial movilidad de la mano de obra
650 #4 - ASIENTO SECUNDARIO DE MATERIA--TÉRMINO DE MATERIA
9 (RLIN) 28299
Término de materia o nombre geográfico como elemento inicial empleo
650 #4 - ASIENTO SECUNDARIO DE MATERIA--TÉRMINO DE MATERIA
9 (RLIN) 28319
Término de materia o nombre geográfico como elemento inicial calificación profesional
650 #4 - ASIENTO SECUNDARIO DE MATERIA--TÉRMINO DE MATERIA
9 (RLIN) 29249
Término de materia o nombre geográfico como elemento inicial trabajador altamente calificado
650 #4 - ASIENTO SECUNDARIO DE MATERIA--TÉRMINO DE MATERIA
9 (RLIN) 28422
Término de materia o nombre geográfico como elemento inicial trabajador especializado
650 #4 - ASIENTO SECUNDARIO DE MATERIA--TÉRMINO DE MATERIA
9 (RLIN) 29799
Término de materia o nombre geográfico como elemento inicial país de acogida
650 #4 - ASIENTO SECUNDARIO DE MATERIA--TÉRMINO DE MATERIA
9 (RLIN) 27091
Término de materia o nombre geográfico como elemento inicial país desarrollado
650 #4 - ASIENTO SECUNDARIO DE MATERIA--TÉRMINO DE MATERIA
9 (RLIN) 29849
Término de materia o nombre geográfico como elemento inicial economía del bienestar
650 #4 - ASIENTO SECUNDARIO DE MATERIA--TÉRMINO DE MATERIA
9 (RLIN) 29432
Término de materia o nombre geográfico como elemento inicial modelo matemático
653 10 - TÉRMINO DE INDEXACIÓN--NO CONTROLADO
Término no controlado Empleo
700 1# - ENCABEZAMIENTO SECUNDARIO--NOMBRE PERSONAL
9 (RLIN) 38032
Nombre de persona Wrona, Jens
773 0# - ENTRADA DE DOCUMENTO FUENTE
Itemnumber del ítem fuente 85781
Lugar, editor y fecha de publicación Oxford (Cowley Road, 108, OX4 1JF) Cambridge (Main Street, 238, MA 02142) Blackwell
Otro identificador del documento 088679
Título The world economy
Número de control del registro relacionado (ES-MaCES)25728
Parte(s) relacionada(s) vol. 40, no. 1 (Jan. 2017) {10214 R. 088679} ;p. 182-206
902 ## - CES. TIPO DE DOCUMENTO
Tipodoc (006$c Sirtex) ART Artículo de revista
942 ## - ELEMENTOS KOHA
Fuente de clasificaión o esquema Clasificación propia del CES
Koha [por defecto] tipo de item Artículos (1982-2017)
Parte de clasificación Relaciones Laborales y Rel. Lab.- Empleo

No hay ítems disponibles.

© CES, Consejo Económico y Social de España 2021